| 000 | 00470nam a2200181Ia 4500 | ||
|---|---|---|---|
| 008 | 240925s9999 xx 000 0 und d | ||
| 020 | _a9789351071594 | ||
| 082 | _a624.171 LIU | ||
| 100 | _aLiu, G.R. | ||
| 245 | 4 | _aThe Finite Element Method: a prictical course | |
| 250 | _a1st | ||
| 260 |
_aNew Delhi: _bElsivier _c,2014. |
||
| 300 |
_a131p. _b0 _fOriginal |
||
| 500 | _aIncludes Index | ||
| 600 | _aElectrical Engineering | ||
| 650 | _aTechnology | ||
| 942 | _cBK | ||
| 999 |
_c16647 _d16647 |
||